00494nam a2200133 i 4500001000300000100002300003245013900026260002100165700001900186040000800205041000800213008004100221856009800262bg1 aKOLKA, Władysław 0aZadania z wybranych działów fizyki.nCz. 2,pElementy fizyki atomowej i fizyki ciała stałego /cWładysław Kolka, Andrzej Bujko. aGdańsk,c1978.1 aBUJKO, Andrzej cBPK apol s pl f |000 0 pol  uhttp://koha.tu.koszalin.pl/cgi-bin/koha/opac-detail.pl?biblionumber=18769yKatalog online BPK